01000cam a2200253 a 450000100100000000500170001000800410002704000300006808200180009810000370011624500630015326001000021630000210031649000390033749000140037665000480039065000390043865000280047783000590050591000340056404900090059895201220060799900170072900001586520200929164200.0820525s1972 sp af 000 0 spa d aDO-SdBNPbspacDLCdBNPHU a095.46bL864e1 aLópez Serrano, Matilde.93572013aLa encuadernación española /cMatilde López Serrano. aMadrid, España :bAsociación Nacional de Bibliotecarios, Archiveros y Arqueóloges,c1972. a146 p. ;c18 cm.1 aBiblioteca profesional de Anabav31 aCuadernos 4aEncuadernaciónzEspañaxHistoria935721 4aEncuadernación heraldicas935722 4aEncuadernación935723 0aBiblioteca profesional de Anaba ;pcuadernosv3935724 aCatalogación por copia / LC aBNGR 001054708MOaGRbGRcCTd2010-02-19iLF1l0o095.46 L864ep15865-10r2020-06-25w2020-06-25y4ZPréstamo en sala c15407d15407